| 000 | 00921naa a22002777a 4500 | ||
|---|---|---|---|
| 001 | BR3000013 | ||
| 003 | BR-BrBNA | ||
| 005 | 20240918172745.0 | ||
| 007 | ta | ||
| 008 | 230509b bl.||||| |||| 00| 0 por d | ||
| 040 |
_aBR-BrBNA _bpor _cBiblioteca Nacional de Agricultura |
||
| 041 | _a(Pt) | ||
| 072 |
_aF25 _b2120 |
||
| 090 | _aF25 BR3000013 | ||
| 100 | 1 | _aMendes, C.T. | |
| 245 | 1 | _aIdeias geraes sobre a adubacao do cafeeiro (Adubos organicos) | |
| 260 | 3 |
_aRio de Janeiro, GB (Brasil): _c1930. |
|
| 500 | _aAnuario da Sociedade Brasileira de Agronomia Rio de Janeiro, GB (Brasil): 1930. p. 39-55 (BR3000013-AM)F25 | ||
| 650 | _aFertilizante | ||
| 650 | _aCafe | ||
| 650 | _aAdubacao | ||
| 650 | _aAdubo organico | ||
| 773 | 0 |
_tAnuario da Sociedade Brasileira de Agronomia _b _wF25 BR3000013 _gRio de Janeiro, GB (Brasil), 1930. p. 39-55 |
|
| 909 |
_a202404 _bLucia _c55 _dLucia Elande |
||
| 942 |
_cAM _2AGRIS |
||
| 999 |
_c301379 _d301379 |
||